00657cam a22001571 450000100100000000500170001000800410002704000250006808200150009324501200010826000490022830000210027749000640029850400730036283000640043500001636020200929164405.0790227m19591960mx 000 0 spa  aDO-SdBNPbspacBNPHU axxxxbD72204aLos dos primeros poetas coloniales ecuatorianos, siglos XVII y XVIII :bAntonio de Bastidas, Juan Bautista Aguirre. aPuebla, Mexico, :bJ. M. Cajica, Jr.,c1959. a599 p. ;c22 cm.1 aBiblioteca ecuatoriana minima.aLa colonia y la república aIncluye referencias bibliográficas y notas al pie de las páginas 0aBiblioteca ecuatoriana minima.aLa colonia y la república